|
|
|
|
| LEADER |
01055ppm a22002418a 4500 |
| 001 |
00026820 |
| 005 |
20171026081022.0 |
| 008 |
110830s2007 ||||||Viesd |
| 041 |
0 |
# |
|a Vie
|
| 082 |
1 |
4 |
|a 639
|b T310H
|
| 100 |
1 |
# |
|a Nguyễn, Thái Bình
|
| 245 |
1 |
0 |
|a Tìm hiểu một số kỹ thuật về nuôi tôm càng xanh thương phẩm
|b Khóa luận tốt nghiệp : Sư phạm KTNN - KTGT : Trình độ : Cao đẳng
|c Nguyễn Thái Bình; Lê Ngọc Tiết hướng dẫn
|
| 260 |
# |
# |
|a Đồng Tháp
|b Trường Đại học Đồng Tháp
|c 2007
|
| 300 |
# |
# |
|a 36 tr.
|b hình ảnh
|c 29 cm.
|e 1 bản tóm tắt
|
| 650 |
# |
4 |
|2 Nuôi trồng thủy sản
|
| 650 |
# |
4 |
|2 Tôm càng xanh
|
| 650 |
# |
4 |
|2 Tôm
|
| 650 |
# |
4 |
|2 Sách hướng dẫn
|
| 700 |
1 |
# |
|a Lê, Ngọc Tiết
|e hướng dẫn
|
| 852 |
# |
# |
|j KD.0011572
|
| 852 |
# |
# |
|b Kho đọc
|j KD.0011572
|
| 910 |
# |
# |
|a Ntuyet
|d 30/08/2011
|
| 980 |
# |
# |
|a Trung tâm Học liệu Lê Vũ Hùng, Trường Đại học Đồng Tháp
|